Loading...
| Fine Arts - Classical Music | 7 | 17.14 | 2,071% | 486% | 729% |
| Fine Arts - Other | 8 | 12.50 | 3,438% | 100% | 475% |
| Fine Arts - Painting & Sculpture | 5 | 18.00 | 5,240% | 520% | 340% |
| History - American | 5 | 16.00 | 1,440% | 460% | 460% |
| History - European | 5 | 16.00 | 3,620% | 640% | 180% |
| History - Other | 9 | 13.33 | 1,611% | 544% | 378% |
| History - World | 6 | 15.00 | 3,300% | 517% | 300% |
| Literature - American | 6 | 13.33 | 3,017% | 250% | 417% |
| Literature - British | 8 | 11.25 | 1,413% | 388% | 300% |
| Literature - European | 5 | 18.00 | 4,940% | 320% | 420% |
| Literature - World | 7 | 8.57 | 2,129% | 0% | 343% |
| Mythology | 5 | 12.00 | 4,180% | 180% | 340% |
| Other | 8 | 12.50 | 2,025% | 600% | 188% |
| Philosophy | 5 | 8.00 | 0% | 160% | 420% |
| Religion | 5 | 16.00 | 3,880% | 280% | 480% |
| Science - Biology | 10 | 13.00 | 2,920% | 140% | 620% |
| Science - Chemistry | 7 | 17.14 | 3,229% | 586% | 457% |
| Science - Other | 6 | 13.33 | 1,950% | 350% | 433% |
| Science - Physics | 5 | 14.00 | 1,620% | 340% | 620% |
| Social Science | 6 | 8.33 | 0% | 417% | 250% |